El conocimiento en las ciencias de la salud. (Registro nro. 3195)

Detalles MARC
000 -LEADER
fixed length control field 01105nam a2200253 a 4500
008 - CAMPO DE CONTROL (LIBRO)
fixed length control field 240827e2012 ag ||||g |||| 001 0 spa d
020 ## - INTERNATIONAL STANDARD BOOK NUMBER
ISBN 9789875745506
041 ## - CODIGO DE IDIOMA
Código de idioma del texto/pista de sonido o título separado spa
092 ## - SIGNATURA TOPOGRAFICA DEWEY LOCAL
número de clasificación 121
libristica 10
sección CAR
100 1# - ENTRADA PRINCIPAL--NOMBRE PERSONAL
Nombre personal Carli, Alberto.
9 (RLIN) 4209
245 #3 - TITULO PROPIAMENTE DICHO
Título El conocimiento en las ciencias de la salud.
Subtítulo y Título paralelo Aportes para una reflexión epistemológia /
Mención de responsabilidad y remanente de la transcripción de la portada Alberto Carli.
250 ## - MENCION DE EDICION
Mención de edición 1a ed.
260 ## - PIE DE IMPRENTA
Lugar de publicación, distribución, etc Buenos Aires:
Nombre de la editorial, distribuidor, etc Prometeo libros;
Fecha de publicación 2012.
300 ## - DESCRIPCION FISICA
Extension 144 p.
Otros detalles físicos 21 x15 cm.
500 ## - NOTA GENERAL
Nota general Carli, A. y Kennel, B. L. (2012). El conocimiento en las ciencias de la salud. Aportes para una reflexión epistemológica. (1a ed.) Buenos Aires : Prometeo libros.
653 ## - TÉRMINO INDIZADO - PALABRAS CLAVES
Palabra clave La epistemología como estrategia de reflexión en las ciencias.
653 ## - TÉRMINO INDIZADO - PALABRAS CLAVES
Palabra clave La ciencias de la salud: naturaleza de su objeto de estudio.
653 ## - TÉRMINO INDIZADO - PALABRAS CLAVES
Palabra clave Las ciencias de la salud, naturaleza de su objeto de estudio.
653 ## - TÉRMINO INDIZADO - PALABRAS CLAVES
Palabra clave El complejo salud-enfermedad.
653 ## - TÉRMINO INDIZADO - PALABRAS CLAVES
Palabra clave El sujeto cientifíco.
653 ## - TÉRMINO INDIZADO - PALABRAS CLAVES
Palabra clave Por qué una epistemología de las ciencias de la salud.
700 1# - ENTRADAS SECUNDARIAS - NOMBRE PERSONAL
Título del trabajo Kennel, Beatriz Liliana.
9 (RLIN) 4210
942 ## - ADDED ENTRY ELEMENTS (KOHA)
Source of classification or shelving scheme Dewey Decimal Classification
Item type Libros
Existencias
Estado de retiro Existencia Fuente de clasificación Estado general No para prestamo Ubicación permanente ubicación actual Sala de ubicación Fecha de adquisición Fuente de adquisición Total Checkouts Número de clasificación Código de barras Date last seen Número de ejemplar Price effective from Koha tipo de elemento (item) Public note Coded location qualifier
    Dewey Decimal Classification     Biblioteca Medicina Biblioteca Medicina Circulación 26/08/2024 Donación Verde Horacio. Agosto 2024   121 10 CAR 4909 27/08/2024 Ej. 1 27/08/2024 Libros Donación Verde Horacio. Agosto 2024.  

UNIVERSIDAD NACIONAL DEL COMAHUE
Biblioteca de la Facultad de Ciencias Médicas
Sede Toschi: Los Arrayanes y Av. Toschi, Cipolletti  - Rio Negro
Sede Los Tordos:  Yrigoyen al 2211, Cipolletti - Rio Negro 

Teléfono: 0299 - 4774707 int 25
Contacto: biblioteca@facimed.uncoma.edu.ar
© 2011 - 2026